| 000 | 00847aas a2200241 4500 | ||
|---|---|---|---|
| 999 |
_c1732 _d1732 |
||
| 003 | BR-BrBNA | ||
| 005 | 20230317233308.0 | ||
| 007 | ta | ||
| 008 | 230119b bl ||||| |||| 00| 0 por d | ||
| 022 | _a0301-2123 | ||
| 035 | _a000485-5 | ||
| 040 |
_aBR-BrBNA _bPor _cBR-BrBNA |
||
| 042 | _a000690-4 | ||
| 044 | _abl | ||
| 245 | _aActa Biológica Paranaense (Brazil) | ||
| 260 |
_aCuritiba-PR _bUniversidade Federal do Paraná - Setor de Ciências Biológicas _c1972 _eBPR |
||
| 270 | _aBilbioteca Central - Caixa Postal 441 - 80001-00 - Paraná -PR | ||
| 310 | _aanual | ||
| 505 | _a1972-97 1-26(1-4); 1999-02 28-31(1-4); 2003-04 32-33(1-4); 2005 34(1-4); 2007 36(1-4); 2008 37(1-4); 2009 38(1-2); 2010 39(1-2,3-4); 2011 40(1-4); 2012 41(1-4); | ||
| 650 | 1 | 2 | _gORGANISMOS (BIOLOGIA); BOTANICA; ZOOLOGIA |
| 909 |
_a56 _bSergio Santos _c56 _dSergio Santos |
||
| 942 |
_cCR _2AGRIS |
||